Deutsche Städte mit H - Statistiken

Allgemein
  • Dieses Quiz wurde 77 mal gespielt
  • Das Durchschnittsergebnis liegt bei 40 aus 145
Antwortstatistiken
Einwohnerzahl Bundesland Regierungsbezirk (Land-)kreis weitere Untergliederung Stadt % Korrekt
30.558 Nordrhein-Westfalen Düsseldorf Mettmann - Haan
100%
548.186 Niedersachsen - Region Hannover - Hannover
100%
1.910.160 Hamburg - - - Freie und Hansestadt Hamburg
98%
22.467 Schleswig-Holstein - Dithmarschen - Heide (Holstein)
95%
102.325 Niedersachsen - Hildesheim - Hildesheim
95%
180.761 Nordrhein-Westfalen Arnsberg - - Hamm
93%
242.172 Sachsen-Anhalt - - - Halle (Saale)
89%
22.198 Nordrhein-Westfalen Detmold Gütersloh - Halle (Westf.)
89%
190.490 Nordrhein-Westfalen Arnsberg - - Hagen
88%
67.265 Nordrhein-Westfalen Detmold Herford - Herford
88%
162.273 Baden-Württemberg Karlsruhe - - Heidelberg
86%
57.916 Niedersachsen - Hameln-Pyrmont - Hameln
84%
50.025 Baden-Württemberg Stuttgart Heidenheim - Heidenheim an der Brenz
82%
46.963 Bayern Oberfranken - - Hof (Saale)
79%
128.334 Stuttgart - - - Heilbronn
77%
157.896 Nordrhein-Westfalen Arnsberg - - Herne
77%
28.749 Nordrhein-Westfalen Detmold Höxter - Höxter
71%
25.633 Niedersachsen - Helmstedt - Helmstedt
70%
103.184 Hessen Darmstadt Main-Kinzig-Kreis - Hanau
68%
43.620 Nordrhein-Westfalen Köln Heinsberg - Heinsberg
68%
20.217 Niedersachsen - Holzminden - Holzminden
66%
14.063 Bayern Mittelfranken Erlangen-Höchstadt - Höchstadt an der Aisch
57%
7.073 Bayern Schwaben Dillingen an der Donau Verwaltungsgemeinschaft Höchstadt an der Donau Höchstadt an der Donau
57%
42.498 Saarland - Saarpfalz-Kreis - Homburg
57%
27.610 Hessen Darmstadt Bergstraße - Heppenheim (Bergstraße)
55%
61.252 Nordrhein-Westfalen Köln Rhein-Erft-Kreis - Hürth
50%
11.682 Thüringen - Hildburghausen - Hildburghausen
48%
40.412 Hessen Darmstadt Main-Taunus-Kreis - Hofheim am Taunus
48%
5.203 Bayern Unterfranken Haßberge Verwaltungsgemeinschaft Hofheim in Unterfranken Hofheim in Unterfranken
48%
23.814 Schleswig-Holstein - Nordfriesland - Husum
46%
55.689 Nordrhein-Westfalen Düsseldorf Mettmann - Hilden
45%
9.007 Niedersachsen - Cuxhaven Samtgemeinde Hemmoor Hemmoor
43%
9.509 Rheinland-Pfalz - Westerwaldkreis Verbandsgemeinde Höhr-Grenzenhausen Höhr-Grenzenhausen
43%
4.020 Niedersachsen - Nienburg/Weser Grafschaft Hoya Hoya
43%
8.527 Thüringen - Saale-Holzland-Kreis Verwaltungsgemeinschaft Hemsdorf Hemsdorf (Thüringen)
41%
6.651 Rheinland-Pfalz - Altenkirchen (Westerwald) Verbandsgemeinde Daaden-Herdorf Herdorf
41%
8.013 Rheinland-Pfalz - Trier-Saarburg Verbandsgemeinde Hermeskeil Hermeskeil
41%
6.223 Rheinland-Pfalz - Westerwaldkreis Verbandsgemeinde Hachenburg Hachenburg
39%
40.069 Sachsen-Anhalt - Harz - Halberstadt
39%
4.884 Bayern Oberfranken Bayreuth Verwaltungsgemeinschaft Hollfeld Hollfeld
39%
5.518 Rheinland-Pfalz - Germersheim Verbandsgemeinde Hagenbach Hagenbach
38%
38.033 Nordrhein-Westfalen Münster Recklinhausen - Haltern Am See
38%
62.204 Nordrhein-Westfalen Münster Recklinghausen - Herten
38%
31.404 Sachsen - Bautzen - Hoyerswerda
36%
27.131 Brandenburg - Oberhavel - Hohen Neuendorf
34%
54.620 Nordrhein-Westfalen Arnsberg Ennepe-Ruhr-Kreis - Hattingen
30%
23.418 Niedersachsen - Göttingen - Hannoversch Münden
29%
3.322 Thüringen - Hildburghausen Verwaltungsgemeinschaft Heldburger Unterland Heldburg
29%
48.190 Nordrhein-Westfalen Köln Rhein-Sieg-Kreis - Hennef (Sieg)
29%
21.745 Baden-Württemberg Karlsruhe Rhein-Neckar-Kreis - Hockenheim
29%
17.329 Nordrhein-Westfalen Detmold Lippe - Horn-Bad Meinberg
29%
5.652 Bayern Schwaben Donau-Ries - Harburg (Schwaben)
25%
18.810 Hessen Darmstadt Main-Taunus-Kreis - Hochheim am Main
23%
41.594 Nordrhein-Westfalen Köln Heinsberg - Hückelhoven
23%
18.657 Thüringen - Eichsfeld - Heilbad Heiligenstadt
21%
26.590 Nordrhein-Westfalen Düsseldorf Mettmann - Heiligenhaus
21%
33.916 Nordrhein-Westfalen Arnsberg Märkischer Kreis - Hemer
21%
32.649 Baden-Württemberg Stuttgart Böblingen - Herrenberg
21%
12.783 Niedersachsen - Göttingen - Herzberg am Harz
21%
8.678 Brandenburg - Elbe-Elster - Herzberg (Elster)
21%
14.712 Hessen Kassel Schwalm-Eder-Kreis - Homberg (Efze)
21%
7.485 Hessen Gießen Vogelsbergkreis - Homberg (Ohm)
21%
25.752 Baden-Württemberg Karlsruhe Freudenstadt - Horb am Neckar
21%
27.450 Nordrhein-Westfalen Düsseldorf Wesel - Hamminkeln
20%
13.982 Bayern Unterfranken Haßberge - Haßfurt
18%
28.720 Hessen Darmstadt Main-Taunus-Kreis - Hattersheim am Main
18%
19.439 Baden-Württemberg Tübingen Zollernalbkreis - Hechingen
18%
24.719 Niedersachsen - Emsland - Haren (Ems)
16%
6.494 Sachsen-Anhalt - Stendal - Havelberg
16%
21.142 Hessen Gießen Lahn-Dill-Kreis - Herborn
16%
22.665 Nordrhein-Westfalen Arnsberg Ennepe-Ruhr-Kreis - Herdecke
16%
18.556 Niedersachsen - Hameln-Pyrmont - Hessisch Oldendorf
16%
15.626 Hessen Kassel Kassel - Hofgeismar
16%
4.271 Baden-Württemberg Freiburg Ortenaukreis - Hornberg
16%
19.188 Sachsen-Anhalt - Börde - Haldensleben
14%
10.826 Bayern Unterfranken Bad Kissingen - Hammelburg
14%
26.126 Nordrhein-Westfalen Detmold Gütersloh - Harsewinkel
14%
13.663 Niedersachsen - Emsland - Haselünne
14%
26.623 Brandenburg - Oberhavel - Henningsdorf
14%
47.071 Nordrhein-Westfalen Köln Städteregion Aachen - Herzogenrath
14%
12.798 Hessen Kassel Werra-Meißner-Kreis - Hessisch Lichtenau
14%
13.953 Bayern Mittelfranken Roth - Hilpoltstein
14%
12.399 Mecklenburg-Vorpommern - Ludwigslust-Parchim - Hagenow
13%
19.596 Hessen Gießen Lahn-Dill-Kreis - Haiger
13%
16.284 Nordrhein-Westfalen Arnsberg Märkischer Kreis - Halver
13%
9.373 Schkeswig-Holstein - Ostholstein - Heiligenhafen
13%
24.674 Bayern Mittelfranken Erlangen-Höchstadt - Herzogenaurach
13%
17.130 Hessen Kassel Fulda - Hünfeld
13%
8.441 Sachsen - Mittelsachsen - Hainichen
11%
11.775 Bayern Niederbayern Passau - Hauzenberg
11%
5.553 Baden-Württemberg Karlsruhe Enzkreis - Heimsheim
11%
7.605 Nordrhein-Westfalen Müster Steinfurt - Horstmar
11%
14.770 Nordrhein-Westfalen Köln Oberbergischer Kreis - Hückeswagen
11%
13.093 Hessen Gießen Limburg-Weilburg - Hadamar
9%
10.968 Baden-Württemberg Tübingen Zollernalbkreis - Haigerloch
9%
16.667 Sachsen - Sächsische Schweiz-Osterzgebirge - Heidenau (Sachsen)
9%
11.828 Baden-Württemberg Karlsruhe Rhein-Neckar-Kreis - Hemsbach
9%
13.247 Baden-Württemberg Stuttgart Heidenheim - Herbrechtingen
9%
19.426 Hessen Darmstadt Offenbach - Heusenstamm
9%
14.714 Nordrhein-Westfalen Arnsberg Siegen-Wittgenstein - Hilchenbach
9%
3.473 Hessen Darmstadt Bergstraße - Hirschhorn (Neckar)
9%
1.432 Rheinland-Pfalz - Südwestpfalz Verbandsgemeinde Zweibrücken-Land Hornbach
9%
21.049 Nordrhein-Westfalen Münster Steinfurt - Hörstel
9%
4.488 Nordrhein-Westfalen Arnsberg Hochsauerlandkreis - Hallenberg
7%
7.510 Sachsen-Anhalt - Harz - Harzgerode
7%
7.202 Baden-Württemberg Freiburg Ortenaukreis - Haslach im Kinzigtal
7%
9.832 Bayern Mittelfranken Ansbach - Heilsbronn
7%
18.885 Niedersachsen - Region Hannover - Hemmingen (Niedersachsen)
7%
11.224 Baden-Württemberg Freiburg Emmendingen - Herbolzheim
7%
4.582 Thüringen - Nordhausen Erfüllende Gemeinde für Görsbach und Urbach Heringen/Helme
7%
6.996 Hessen Kassel Hersfeld-Rotenburg - Heringen (Werra)
7%
12.772 Bayern Mittelfranken Nürnberger Land - Hersbruck
7%
13.498 Sachsen-Anhalt - Mansfeld-Südharz - Hettstedt
7%
5.126 Niedersachsen - Lüchow-Dannenberg Samtgemeinde Elbtalaue Hitzacker (Elbe)
7%
13.750 Baden-Württemberg Stuttgart Böblingen - Holzgerlingen
7%
8.888 Bayern Oberfranken Bamberg - Hallstadt
5%
3.212 Brandenburg - Potsdam-Mittelmark Amt Beetzsee Havelsee
5%
4.349 Nordrhein-Westfalen Köln Düren - Heimbach (Eifel)
5%
6.465 Baden-Württemberg Freiburg Breisgau-Hochschwarzwald - Heitersheim
5%
8.325 Bayern Mittelfranken Ansbach - Herrieden
5%
1.438 Bayern Oberfranken Wundsiedel im Fichtelgebirge Verwaltungsgemeinschaft Schirnding Hohenberg an der Eger
5%
13.937 Sachsen - Zwickau - Hohenstein-Ernstthal
5%
3.183 Sachsen - Sächsische Schweiz-Osterzgebirge - Hohenstein (Sächsische Schweiz)
5%
6.005 Baden-Württemberg Karlsruhe Calw - Haiterbach
4%
4.688 Bayern Mittelfranken Roth - Heideck
4%
8.372 Bayern Oberfranken Hof - Helmbrechts
4%
4.625 Hessen Gießen Vogelsbergkreis - Herbstein
4%
3.240 Rheinland-Pfalz - Vulkaneifel Verbandsgemeinde Gerolstein Hillesheim (Eifel)
4%
5.666 Bayern Oberpfalz Amberg-Sulzbach - Hirschau
4%
2.147 Thüringen - Saale-Orla-Kreis - Hirschberg (Saale)
4%
13.033 Hessen Gießen Gießen - Hungen
4%
5.788 Baden-Württemberg Freiburg Ortenaukreis - Hausach
2%
2.215 Baden-Württemberg Tübingen Reutlingen - Hayingen
2%
9.700 Bayern Oberpfalz Regensburg - Hemau
2%
5.814 Sachsen - Görtlitz - Herrnhut
2%
1.803 Baden-Württemberg Tübingen Sigmaringen - Hettingen
2%
10.063 Baden-Württemberg Stuttgart Ostalbkreis - Heubach
2%
7.976 Baden-Württemberg Freiburg Schwarzwald-Baar-Kreis - Hüfingen
2%
7.644 Niedersachsen - Northeim - Hardegsen
0%
.4458 Sachsen - Zwickau - Hartenstein (Sachsen)
0%
6.700 Sachsen - Mittelsachsen - Hartha
0%
3.000 Hessen Kassel Waldeck-Frankenberg - Hatzfeld (Eder)
0%
6.735 Sachsen-Anhalt - Salzlandkreis - Hecklingen
0%
1.426 Thüringen - Greiz Erfüllende Gemeinde für Langenwetzendorf Hohenleuben
0%
9.395 Sachsen-Anhalt - Burgenlandkreis - Hohenmölsen
0%
Keine übereinstimmenden Quizze gefunden
Verteilung der Resultate
Anzahl Personen mit jedem Resultat
Perzentil nach korrekt beantworteten Fragen
Ihre Resultats-Entwicklung
Sie haben dieses Quiz noch nicht gespielt